Parties without Partisans. Political Change in Advanced Industrial Democracies /

Salvato in:
Dettagli Bibliografici
Autore principale: Dalton, Russell J
Altri autori: Wattenberg, Martin P
Natura: testo
Pubblicazione: New York: Oxford University Press
Soggetti:
Tags: Aggiungi Tag
Nessun Tag, puoi essere il primo ad aggiungerne!!

MARC

LEADER 00000 a a2200000 04500
001 28794
003
040
020 |a 0 19-925309-9  
090 |a 189600  
100 |a Dalton, Russell J  
245 |a Parties without Partisans. Political Change in Advanced Industrial Democracies /  |c Russell J Dalton 
260 |a New York:   |b Oxford University Press  
300 |a 351 p  
500 |a Contiene índice y listas de gráficos y tablas.Incluye anotación curricular de los autoresContiene índice y listas de gráficos y tablas.Incluye anotación curricular de los autores en pp. xii-xiv  
650 |a DEMOCRACIA  
650 |a POLITICA  
650 |a ELECCIONES  
700 |a Wattenberg, Martin P  
999 |c 16023  |d 16023